El Consejo de Europa (Record no. 15246)

MARC details
000 -LEADER
campo de control de longitud fija 01072nam a2200265 i 4500
001 - NÚMERO DE CONTROL
campo de control 15246
003 - IDENTIFICADOR DE NÚMERO DE CONTROL
campo de control ES-MaACL
005 - FECHA Y HORA DE LA ÚLTIMA TRANSACCIÓN
campo de control 20250731005547.0
007 - CAMPO FIJO DE DESCRIPCIÓN FÍSICA--INFORMACIÓN GENERAL
campo de control de longitud fija t|
008 - DATOS DE LONGITUD FIJA--INFORMACIÓN GENERAL
campo de control de longitud fija 000209s1999 sp ||||1| spa d
020 ## - NÚMERO INTERNACIONAL ESTÁNDAR DEL LIBRO
Número Internacional Estándar del Libro 84-95265-06-0
080 ## - NÚMERO DE LA CLASIFICACIÓN DECIMAL UNIVERSAL
Número de la Clasificación Decimal Universal 341.176(4)
100 1# - ENTRADA PRINCIPAL--NOMBRE DE PERSONA
Nombre de persona Salinas Alcega, Sergio.
9 (RLIN) 101946
245 13 - MENCIÓN DEL TÍTULO
Título El Consejo de Europa
Resto del título : su protagonismo en la construcción de la "gran Europa" y sus aportaciones al progreso del derecho internacional público /
Mención de responsabilidad, etc. Sergio Salinas Alcega ; prólogo José Antonio Pastor Ridruejo.
260 ## - PUBLICACIÓN, DISTRIBUCIÓN, ETC.
Lugar de publicación, distribución, etc. Madrid :
Nombre del editor, distribuidor, etc. Ministerio de Asuntos Exteriores,
Fecha de publicación, distribución, etc. 1999.
300 ## - DESCRIPCIÓN FÍSICA
Extensión XXII, 361 p. ;
Dimensiones 25 cm.
490 1# - MENCIÓN DE SERIE
Mención de serie Biblioteca diplomática española. Sección Varios ;
Designación de volumen o secuencia 6
504 ## - NOTA DE BIBLIOGRAFÍA, ETC.
Nota de bibliografía, etc. Bibliografía : p. 349-361.
610 2# - PUNTO DE ACCESO ADICIONAL DE MATERIA--NOMBRE DE ENTIDAD CORPORATIVA
Nombre de entidad corporativa o nombre de jurisdicción como elemento de entrada Consejo de Europa.
9 (RLIN) 3186
700 1# - ENTRADA AGREGADA--NOMBRE PERSONAL
Nombre de persona Pastor Ridruejo, José Antonio.
9 (RLIN) 89524
710 1# - ENTRADA AGREGADA--NOMBRE DE ENTIDAD CORPORATIVA
Nombre de entidad corporativa o nombre de jurisdicción como elemento de entrada España.
Unidad subordinada Ministerio de Asuntos Exteriores.
9 (RLIN) 3845
830 00 - PUNTO DE ACCESO ADICIONAL DE SERIE-TÍTULO UNIFORME
Título uniforme Biblioteca diplomática española.
Nombre de parte o sección de la obra Varios
Designación de volumen o secuencia 6
9 (RLIN) 179529
852 ## - LOCALIZACIÓN
Ubicación ES-MaACL
Número de control de estantería L-22569
Sublocalización o colección R.127662
Holdings
Estatus retirado Estado de pérdida Estado de daño No para préstamo Biblioteca de origen Biblioteca actual Ubicación en estantería Fecha de adquisición Fuente de adquisición Total de préstamos Signatura topográfica completa Código de barras Visto por última vez Precio de reemplazo Tipo de ítem Koha
        Biblioteca del Ateneo de Madrid Biblioteca del Ateneo de Madrid Depósito 2 17/01/2008     L-22569 1015502 23/02/2023 23/02/2023 Libro impreso